Pháp luật về đánh giá tác động môi trường : Luận văn Thạc sĩ Luật học. Chuyên ngành Luật kinh tế

Nghiên cứu của đề tài là nhằm làm sáng tỏ một số vấn đề về lý luận và thực tiễn pháp luật về đánh giá tác động môi trường; chỉ ra những ưu điểm và hạn chế của các quy định pháp luật về đánh giá tác động môi trường. Từ đó, đư...

وصف كامل

محفوظ في:
التفاصيل البيبلوغرافية
المؤلف الرئيسي: Trần, Thị Lệ Hằng
التنسيق: كتاب
اللغة:Undetermined
منشور في: Cần Thơ Trường Đại học Cần Thơ 2019
الموضوعات:
الوسوم: إضافة وسم
لا توجد وسوم, كن أول من يضع وسما على هذه التسجيلة!
Thư viện lưu trữ: Trung tâm Học liệu Trường Đại học Cần Thơ
LEADER 01420nam a2200229Ia 4500
001 CTU_232642
008 210402s9999 xx 000 0 und d
082 |a 344.597046 
082 |b H116 
088 |a 8380107 
100 |a Trần, Thị Lệ Hằng 
245 0 |a Pháp luật về đánh giá tác động môi trường : 
245 0 |b Luận văn Thạc sĩ Luật học. Chuyên ngành Luật kinh tế 
245 0 |c Trần Thị Lệ Hằng ; Phạm Văn Võ (Cán bộ hướng dẫn) 
260 |a Cần Thơ 
260 |b Trường Đại học Cần Thơ 
260 |c 2019 
520 |a Nghiên cứu của đề tài là nhằm làm sáng tỏ một số vấn đề về lý luận và thực tiễn pháp luật về đánh giá tác động môi trường; chỉ ra những ưu điểm và hạn chế của các quy định pháp luật về đánh giá tác động môi trường. Từ đó, đưa ra những giải pháp cho việc tiếp tục hoàn thiện pháp luật về đánh giá tác động môi trường phù hợp với tình hình hiện nay. 
650 |a Environmental law,Luật môi trường 
650 |z Vietnam,Việt nam 
910 |b nthai 
980 |a Trung tâm Học liệu Trường Đại học Cần Thơ